[Event "It (open)"]
[Site "masterchessopen.com Robecchetto (Italy)"]
[Date "1999.01.02"]
[Round "2"]
[White "Ciolac Gheorghe (ROM)"]
[Black "Bemporad Filippo (ITA)"]
[Result "1-0"]
[WhiteElo "2364"]
[BlackElo "2059"]

1.e4 c5 2.Ne2 d6 3.Nbc3 Nf6 4.d4 cxd4 5.Nxd4 e6 6.g3 Be7 7.Bg2 O-O 8.O-O a6
9.a4 Qc7 10.Be3 Nc6 11.Nxc6 bxc6 12.a5 Nd7 13.f4 Bb7 14.Na4 c5 15.Qe2 Bc6
16.Bd2 Bf6 17.Rfb1 Rab8 18.Nb6 Nxb6 19.axb6 Qxb6 20.Rxa6 Bb5 21.Rxb6 Bxe2
22.Rxd6 Bd4+ 23.Kh1 Bxb2 24.Re1 Bc4 25.e5 Bd4 26.Be4 Bb2 27.Kg2 Rfc8 28.Kf3
Kf8 29.Rb1 Ke7 30.Be3 Rb5 31.Rc6 Rxc6 32.Bxc6 Ba2 33.Rd1 Bd5+ 34.Rxd5 {#r} 1-0

[Event "Ch Paulista"]
[Site "masterchessopen.com Americana (Brazil)"]
[Round "4"]
[White "Pereira Silvio C (BRA)"]
[Black "Da Silva Tiago Henrique (BRA)"]
[Result "1-0"]
[WhiteElo "2260"]
[BlackElo "2117"]

1.e4 c5 2.Nf3 e6 3.d4 cxd4 4.Nxd4 Nf6 5.Nc3 d6 6.g3 Be7 7.Bg2 O-O 8.O-O a6
9.Be3 Qc7 10.f4 Bd7 11.g4 Bc6 12.g5 Nfd7 13.f5 e5 14.Nxc6 bxc6 15.Qh5 Kh8
16.Rf3 g6 17.Qh6 Rg8 18.f6 Bf8 19.Qxh7+ {#r} 1-0

[Event "It (open) \"]
[Site "masterchessopen.com Amsterdam (Netherlands)"]
[Round "1"]
[White "Pel Bonno (NED)"]
[Black "Van Der Sterren Paul (NED)"]
[Result "0-1"]
[WhiteElo "2300"]
[BlackElo "2569"]

1.Nc3 c5 2.Nf3 Nf6 3.e4 d6 4.d4 cxd4 5.Nxd4 e6 6.g3 Nc6 7.Bg2 Bd7 8.Nde2 Rb8
9.a4 a6 10.O-O b5 11.axb5 axb5 12.b3 Be7 13.h3 O-O 14.Bb2 b4 15.Na4 Qc7 16.Nf4
Rfc8 17.Re1 Na5 18.e5 Ne8 19.Re2 Bb5 20.Nd3 d5 21.f4 Nc4 22.Bd4 Na3 23.Rc1
Bxa4 24.bxa4 Qa5 25.Rf2 Rc4 26.Ba1 g6 27.Kh2 Ng7 28.g4 Bh4 29.Rd2 Rbc8 30.Bf3
Qc7 31.Qe2 Nxc2 32.f5 Bg5 33.f6 Bxd2 34.Qxd2 Nxa1 {#R} 0-1

[Event "Ch Argentina (team)"]
[Site "masterchessopen.com Argentina"]
[Round "6"]
[White "Rebottaro Hector Javier (ARG)"]
[Black "Hase Juan C (ARG)"]
[Result "1-0"]
[WhiteElo "2295"]
[BlackElo "2360"]

1.e4 c5 2.Nf3 e6 3.d4 cxd4 4.Nxd4 Nf6 5.Nc3 d6 6.g3 Nc6 7.Bg2 Bd7 8.O-O a6
9.a4 Be7 10.Nb3 O-O 11.g4 e5 12.g5 Ne8 13.h4 Nc7 14.a5 Nb4 15.Be3 Ne6 16.Qd2
Rc8 17.Nd5 Nxc2 18.Bb6 Qe8 19.Rac1 Ncd4 20.Nxd4 exd4 21.Rxc8 Bxc8 22.Bxd4 Nxd4
23.Qxd4 Bd8 24.b4 Qe6 25.Ne3 Qe5 26.Rd1 Be7 27.Nd5 Bd8 28.Ne3 Be7 29.Nc4 Qf4
30.Nxd6 Bxd6 31.Qxd6 Qxh4 32.Qe7 {#r} 1-0

[Event "Ch Pan-American (juniors) (under 18)"]
[Site "masterchessopen.com Bento Goncalves (Brazil)"]
[Round "5"]
[White "Della Morte Pablo (ARG)"]
[Black "Gastiaburo Hernan (ARG)"]
[Result "1-0"]
[WhiteElo "2158"]
[BlackElo "2222"]

1.e4 c5 2.Nf3 e6 3.d4 cxd4 4.Nxd4 Nf6 5.Nc3 d6 6.g3 Nc6 7.Bg2 Bd7 8.O-O Be7
9.Ndb5 Qb8 10.Bf4 Ne5 11.Bg5 a6 12.Bxf6 gxf6 13.Nd4 Qa7 14.Kh1 h5 15.h3 Rc8
16.Nce2 Qc5 17.b3 b5 18.f4 Nc6 19.c3 Bd8 20.Rc1 Bb6 21.f5 e5 22.Nc2 b4 23.cxb4
Nxb4 24.Na3 Qe3 25.Rxc8+ Bxc8 26.Rf3 Qxe4 27.Rc3 Qxf5 28.Qxd6 Ba5 29.Qc5 Bd7
30.Qxa5 Nd3 31.Qxa6 Ne1 32.Qa8+ Ke7 33.Qxh8 Qf2 34.Qa8 Qxe2 35.Qe4 {#r} 1-0

[Event "Tournament"]
[Site "masterchessopen.com Germany"]
[Round "4"]
[White "Brandstaetter Friedrich (AUT)"]
[Black "Hager Herbert (AUT)"]
[Result "0-1"]
[WhiteElo "2184"]
[BlackElo "2135"]

1.e4 c5 2.Nf3 e6 3.d4 cxd4 4.Nxd4 Nf6 5.Nc3 d6 6.g3 Be7 7.Bg2 O-O 8.O-O Nc6
9.Nxc6 bxc6 10.Na4 d5 11.exd5 cxd5 12.Re1 Ba6 13.b3 Rc8 14.Be3 Bb5 15.Nb2 Bb4
16.Bd2 Ba3 17.Rb1 Qc7 18.c3 Rfd8 19.b4 d4 20.cxd4 Qc2 21.Re5 Bxb2 22.Rxb5 Bxd4
23.Be3 Bxe3 24.Qxc2 Rxc2 25.fxe3 g6 26.a4 Rdd2 27.Ba8 Rxh2 28.a5 Ng4 29.a6
Nxe3 30.Rb8+ Kg7 31.b5 Ng4 32.Bh1 Rc3 33.Bc6 Rxg3+ 34.Kf1 Ne3+ {#R} 0-1

[Event "Ch World (juniors) (team) (under 20)"]
[Site "masterchessopen.com Rio de Janeiro (Brazil)"]
[Date "2000.08.08"]
[Round "2"]
[White "Felgaer Ruben (ARG)"]
[Black "Acs Peter (HUN)"]
[Result "1-0"]
[WhiteElo "2390"]
[BlackElo "2497"]

1.e4 c5 2.Nf3 e6 3.d4 cxd4 4.Nxd4 Nf6 5.Nc3 d6 6.g3 Nc6 7.Bg2 Bd7 8.O-O a6
9.a4 Be7 10.Nb3 Na5 11.Nxa5 Qxa5 12.Bf4 Qb4 13.Ra3 Bc6 14.Rb3 Qc5 15.Be3 Qc4
16.Re1 e5 17.Nd5 Bxd5 18.exd5 Qc7 19.Qd2 O-O 20.Rc1 Nd7 21.Qb4 Rfb8 22.a5 Nc5
23.Rc3 b6 24.axb6 Qd7 25.Qa5 Rc8 26.Bxc5 Rxc5 27.Rxc5 dxc5 28.d6 {#r} 1-0

[Event "It (open)"]
[Site "masterchessopen.com Glasgow (Scotland)"]
[Date "2000.11.04"]
[Round "0"]
[White "Perez Carballo Manuel (ESP)"]
[Black "Arakhamia-Grant Ketevan (SCO)"]
[Result "0-1"]
[WhiteElo "2152"]
[BlackElo "2405"]

1.e4 c5 2.d4 cxd4 3.Nf3 d6 4.Nxd4 Nf6 5.Nc3 e6 6.g3 Nc6 7.Bg2 Bd7 8.Ndb5 Qb8
9.Bf4 Ne5 10.O-O a6 11.Nd4 Be7 12.Qe2 O-O 13.Rfd1 b5 14.a3 Qc7 15.Bxe5 dxe5
16.Nb3 Bc6 17.Rd3 a5 18.Rd2 a4 19.Nc1 b4 20.Nd5 exd5 21.exd5 Bd7 22.d6 Bxd6
23.Bxa8 Rxa8 24.axb4 Bxb4 25.c3 Bf8 26.Nd3 Re8 27.Ne1 Bc5 28.Nd3 Bb6 29.Nb4
Qb7 30.Rad1 Bg4 {#R} 0-1

[Event "It (open)"]
[Site "masterchessopen.com Bad Woerishofen (Germany)"]
[Round "8"]
[White "Naegele Thomas (GER)"]
[Black "Rahls Peter (GER)"]
[Result "0-1"]
[WhiteElo "2215"]
[BlackElo "2321"]

1.e4 c5 2.Nf3 e6 3.d4 cxd4 4.Nxd4 Nf6 5.Nc3 d6 6.g3 Nc6 7.Bg2 Be7 8.O-O O-O
9.Be3 Ne5 10.Qe2 a6 11.a4 Qc7 12.Kh1 Re8 13.f4 Nc4 14.Bc1 e5 15.Nf5 Bxf5
16.exf5 Bf8 17.Qd3 exf4 18.Rxf4 Re1+ 19.Rf1 Ng4 20.Ne4 Rxf1+ 21.Bxf1 Nce5
22.Qb3 d5 23.Nc3 Qd7 24.Bf4 Qxf5 25.h3 Nf2+ 26.Kh2 d4 27.Nd5 Rd8 28.Bg2 d3
29.Ne3 Qh5 30.Kg1 Qe2 31.Bxe5 Qxe3 32.Bf4 Nxh3+ {#R} 0-1

[Event "It (open) \"]
[Site "masterchessopen.com Barceloneta (Spain)"]
[Round "0"]
[White "Alsina Leal Daniel (ESP)"]
[Black "Arguijo Lopez Antonio (ESP)"]
[Result "1-0"]
[WhiteElo "2053"]
[BlackElo "1545"]

1.e4 c5 2.Nf3 d6 3.d4 cxd4 4.Nxd4 e6 5.Nc3 Nf6 6.g3 Be7 7.Bg2 a6 8.O-O O-O
9.Be3 e5 10.Nb3 b5 11.a4 b4 12.Nd5 Nxd5 13.Qxd5 Be6 14.Qxa8 Bxb3 15.cxb3 a5
16.Ba7 Nc6 17.Qxc6 {#r} 1-0

[Event "Ch Spain (open)"]
[Site "masterchessopen.com Cala Mendia (Spain)"]
[Round "4"]
[White "Bergas Ferriol Jeronimo (ESP)"]
[Black "Martinez Gonzalez Alejandro (ESP)"]
[Result "0-1"]
[WhiteElo "2043"]
[BlackElo "2260"]

1.e4 c5 2.Nf3 e6 3.d4 cxd4 4.Nxd4 Nf6 5.Nc3 d6 6.g3 Be7 7.Bg2 O-O 8.O-O a6
9.Kh1 Qc7 10.f4 Nc6 11.Be3 Bd7 12.g4 Nxd4 13.Bxd4 e5 14.g5 exd4 15.gxf6 dxc3
16.fxe7 Rfe8 17.bxc3 Rxe7 18.f5 Bb5 19.Rf3 Rxe4 20.Rh3 Re2 21.Bf3 Re3 22.f6
Qxc3 23.Qg1 g6 24.Rf1 Bxf1 {#R} 0-1

[Event "Ch Netherlands (open)"]
[Site "masterchessopen.com Dieren (Netherlands)"]
[Round "9"]
[White "Duijker Rick (NED)"]
[Black "Muhren Bianca (NED)"]
[Result "1-0"]
[WhiteElo "2214"]
[BlackElo "2115"]

1.e4 c5 2.Nf3 e6 3.d4 cxd4 4.Nxd4 Nf6 5.Nc3 d6 6.g3 a6 7.Bg2 Be7 8.O-O O-O
9.Be3 Qc7 10.a4 Nc6 11.Qe2 Bd7 12.f4 Na5 13.Rad1 Rab8 14.Bc1 Nc6 15.Nf3 Rfd8
16.h3 Nb4 17.e5 Nfd5 18.Nxd5 Nxd5 19.c4 Nb4 20.b3 b5 21.axb5 axb5 22.exd6 Bxd6
23.Ng5 bxc4 24.Qh5 h6 25.Qxf7+ Kh8 26.Qg6 hxg5 27.Be4 Qc5+ 28.Kh2 Kg8 29.Qh7+
Kf7 30.Bg6+ {#r} 1-0

[Event "Memorial J.Capablanca (c) (cat.8)"]
[Site "masterchessopen.com Habana (Cuba)"]
[Round "7"]
[White "Zapata Alonso (COL)"]
[Black "Perez Candelario Manuel (ESP)"]
[Result "1-0"]
[WhiteElo "2530"]
[BlackElo "2393"]

1.e4 c5 2.Nf3 e6 3.d4 cxd4 4.Nxd4 Nf6 5.Nc3 d6 6.g3 a6 7.Bg2 Be7 8.O-O Qc7
9.a4 Nc6 10.Be3 O-O 11.Kh1 Bd7 12.Nb3 Ne5 13.a5 Nc4 14.Bc1 Rac8 15.f4 g6 16.g4
Rfe8 17.g5 Nh5 18.f5 Bc6 19.Nd4 exf5 20.Nxc6 bxc6 21.exf5 Bf8 22.Bf3 Ng7
23.fxg6 hxg6 24.Ne4 Rxe4 25.Bxe4 d5 26.Bg2 Bd6 27.b3 Ne5 28.Ra4 Re8 29.Rh4 Ne6
30.c4 d4 31.Rxd4 Nxd4 32.Qxd4 Re7 33.c5 Bxc5 34.Qxc5 Nd3 35.Qc3 {#r} 1-0

[Event "Ch World (juniors) (under 10)"]
[Site "masterchessopen.com Oropesa (Spain)"]
[Round "4"]
[White "Safarli Eltaj (AZE)"]
[Black "Bojchev Marian (BUL)"]
[Result "1-0"]
[WhiteElo "2627"]
[BlackElo "2389"]

1.e4 c5 2.Nf3 e6 3.d4 cxd4 4.Nxd4 Nf6 5.Nc3 d6 6.g3 Nc6 7.Bg2 Bd7 8.O-O Be7
9.Ndb5 Qb8 10.Bg5 a6 11.Bxf6 gxf6 12.Nd4 Qc7 13.Re1 b5 14.a3 Rb8 15.Nxc6 Bxc6
16.Qg4 Kf8 17.Re3 Rg8 18.Qh5 Rg7 19.Rae1 Qb7 20.Nd5 Bxd5 21.exd5 e5 22.Be4 Kg8
23.Rd1 Rc8 24.g4 Rc4 25.Bf5 Bd8 26.Rh3 Kf8 27.f3 Qb6+ 28.Kh1 Qf2 29.Bd3 Rxc2
30.Bxc2 Qxc2 31.Rf1 Qxb2 32.Qf5 Qxa3 33.Qd7 Qa5 34.Rc1 Kg8 35.Qe8# 1-0

[Event "Ch World (juniors) (under 18)"]
[Site "masterchessopen.com Oropesa (Spain)"]
[Round "5"]
[White "Lupulescu Constantin (ROM)"]
[Black "Himanshu Sharma (IND)"]
[Result "1-0"]
[WhiteElo "2467"]
[BlackElo "2189"]

1.e4 c5 2.Nf3 e6 3.Nc3 d6 4.d4 cxd4 5.Nxd4 Nf6 6.g3 a6 7.Bg2 Be7 8.O-O O-O
9.Be3 Qc7 10.a4 Nc6 11.f4 Na5 12.Kh1 Rb8 13.g4 Re8 14.g5 Nd7 15.h4 Bf8 16.h5
Nc4 17.Bc1 b6 18.Rf3 Na5 19.Rg3 g6 20.hxg6 hxg6 21.f5 Nc6 22.Nxc6 Qxc6 23.f6
d5 24.Rh3 d4 25.e5 Qc5 26.Qe1 {#r} 1-0

[Event "Ch Mallorca (team) (preferente)"]
[Site "masterchessopen.com Palma de Majorca (Spain)"]
[Round "1"]
[White "Pons Morro Mateo (ESP)"]
[Black "Sanabria Macias Anselmo (ESP)"]
[Result "1-0"]
[WhiteElo "2169"]
[BlackElo "1935"]

1.e4 c5 2.Nf3 e6 3.d4 cxd4 4.Nxd4 Nf6 5.Nc3 d6 6.g3 Be7 7.Bg2 O-O 8.O-O a6
9.Be3 Qc7 10.g4 Bd7 11.f4 Nc6 12.g5 Ne8 13.Kh1 Nxd4 14.Bxd4 g6 15.Qd2 f5
16.exf5 gxf5 17.Qe3 Rf7 18.Qg3 Rf8 19.Nd5 Qd8 {#r} 1-0

[Event "It (open)"]
[Site "masterchessopen.com Pardubice (Czech Republic)"]
[Round "7"]
[White "Hagara Eduard (SVK)"]
[Black "Bokros Albert (HUN)"]
[Result "0-1"]
[WhiteElo "2337"]
[BlackElo "2429"]

1.e4 c5 2.Nf3 e6 3.d4 cxd4 4.Nxd4 Nf6 5.Nc3 d6 6.g3 Nc6 7.Bg2 Bd7 8.O-O Be7
9.b3 a6 10.Bb2 O-O 11.Re1 Rc8 12.Nxc6 Bxc6 13.Qe2 b5 14.Rad1 Qc7 15.a4 Qb6
16.axb5 axb5 17.Na2 b4 18.Rd4 d5 19.exd5 Bc5 20.Rh4 Bb5 21.Qd2 Bxf2+ 22.Qxf2
Qxf2+ 23.Kxf2 Rxc2+ 24.Kg1 Rxb2 25.Rxb4 Bd3 26.dxe6 fxe6 27.Nc1 Bf5 28.Ne2 Nd5
29.Bxd5 exd5 30.Nf4 Be4 31.Rd4 g5 32.Nxd5 Rg2+ 33.Kh1 Bf3 {#R} 0-1

[Event "It \"]
[Site "masterchessopen.com Philadelphia (USA)"]
[Round "7"]
[White "Karklins Andrew (USA)"]
[Black "Rosario Salvador (USA)"]
[Result "1-0"]
[WhiteElo "2384"]
[BlackElo "2163"]

1.e4 c5 2.Nf3 e6 3.d4 cxd4 4.Nxd4 Nf6 5.Nc3 d6 6.g3 Bd7 7.Bg2 Nc6 8.b3 a6
9.Bb2 Rc8 10.Qd2 Be7 11.O-O-O O-O 12.Rhe1 Nxd4 13.Qxd4 Qc7 14.f4 Rfd8 15.Qf2
b5 16.Rd2 b4 17.Ne2 e5 18.Kb1 Bc6 19.Nc1 Qb7 20.Qe2 Bb5 21.Qd1 Bc6 22.Qe2 Bb5
23.Nd3 Bxd3 24.cxd3 Nd7 25.Bh3 Bf6 26.Rc2 Rxc2 27.Qxc2 Rc8 28.Qe2 a5 29.d4
exd4 30.e5 dxe5 31.fxe5 Nxe5 32.Bxc8 Qxc8 33.Rc1 Qf5+ 34.Qc2 {#r} 1-0

[Event "It (open)"]
[Site "masterchessopen.com Plzen (Czech Republic)"]
[Round "1"]
[White "Bujnoch Radek (CZE)"]
[Black "Lechtynsky Jiri (CZE)"]
[Result "1-0"]
[WhiteElo "2158"]
[BlackElo "2409"]

1.e4 c5 2.Nf3 e6 3.d4 cxd4 4.Nxd4 Nf6 5.Nc3 d6 6.g3 Be7 7.Bg2 a6 8.O-O O-O
9.Kh1 Qc7 10.g4 Nc6 11.Nxc6 bxc6 12.g5 Nd7 13.f4 Re8 14.f5 Bf8 15.f6 g6 16.h4
Ne5 17.Bf4 Rb8 18.h5 Rd8 19.b3 c5 20.Bxe5 dxe5 21.Qg4 Rd7 22.Rf3 Qc6 23.Bf1
Rb4 24.Bc4 Rxc4 25.bxc4 Rd4 26.hxg6 fxg6 27.f7+ Kg7 28.Raf1 Rxc4 29.Rh3 h5
30.gxh6+ {#r} 1-0

[Event "Ch Yugoslavia (juniors) (under 20)"]
[Site "masterchessopen.com Tivat (Yugoslavia)"]
[Round "10"]
[White "Popovic Dusan (SRB)"]
[Black "Saranovic Mitar (MNE)"]
[Result "1-0"]
[WhiteElo "2372"]
[BlackElo "2102"]

1.e4 c5 2.Nf3 d6 3.d4 cxd4 4.Nxd4 Nf6 5.Nc3 e6 6.g3 a6 7.Bg2 Be7 8.O-O O-O
9.a4 Qc7 10.Be3 Nc6 11.Qe2 Bd7 12.Nxc6 Bxc6 13.a5 Nd7 14.f4 Bf6 15.Qd2 b5
16.Rfd1 Be7 17.e5 d5 18.Ne2 Rac8 19.b4 Bb7 20.c3 Rfe8 21.Rac1 Nb8 22.Nd4 Nc6
23.g4 Nxd4 24.Bxd4 Qd8 25.Rf1 Rc4 26.Rce1 f6 27.f5 fxe5 28.Rxe5 exf5 29.Rfe1
Rc8 30.Qe2 Kf7 31.gxf5 Qd7 32.Qh5+ Kg8 33.Bh3 {#r} 1-0

[Event "It (open)"]
[Site "masterchessopen.com Budapest (Hungary)"]
[Date "2001.08.20"]
[Round "4"]
[White "Nagy Bence (HUN)"]
[Black "Dencsi Tibor (HUN)"]
[Result "1-0"]
[WhiteElo "2161"]
[BlackElo "2091"]

1.e4 c5 2.Nf3 e6 3.d4 cxd4 4.Nxd4 Nf6 5.Nc3 d6 6.g3 Be7 7.Bg2 O-O 8.O-O a6
9.h3 Qc7 10.g4 Nc6 11.Nde2 Re8 12.Ng3 b5 13.a3 Bb7 14.g5 Nd7 15.Kh1 Bf8 16.f4
b4 17.axb4 Nxb4 18.h4 Nb6 19.Rf2 d5 20.e5 d4 21.Nce4 Rac8 22.Nh5 N6d5 23.c3
dxc3 24.bxc3 Nxc3 25.Nhf6+ Kh8 26.Qh5 h6 27.Nxe8 Rxe8 28.Nd6 Bxd6 29.exd6 Qc5
30.Qxf7 Rg8 31.Rb2 Bxg2+ 32.Rxg2 Nd3 33.d7 Qd4 34.Be3 Qd5 35.gxh6 {#r} 1-0

[Event "It (open)"]
[Site "masterchessopen.com Jesolo (Italy)"]
[Date "2001.12.27"]
[Round "1"]
[White "Djingarova Emilia (BUL)"]
[Black "Palac Mladen (CRO)"]
[Result "0-1"]
[WhiteElo "2256"]
[BlackElo "2572"]

1.e4 c5 2.Nf3 e6 3.d4 cxd4 4.Nxd4 Nf6 5.Nc3 d6 6.g3 a6 7.Bg2 Qc7 8.O-O Be7
9.Be3 O-O 10.g4 Nc6 11.g5 Nd7 12.f4 Nxd4 13.Bxd4 Re8 14.Qh5 d5 15.f5 Ne5
16.Rf4 g6 17.Qh6 Bf8 18.Qh3 Bg7 19.Rh4 h5 20.fxg6 fxg6 21.Ne2 {#R} 0-1

[Event "Tournament (qual. European ch)"]
[Site "masterchessopen.com Baku (Azerbaijan)"]
[Round "0"]
[White "Dovliatov Sanan (AZE)"]
[Black "Safarli Eltaj (AZE)"]
[Result "1-0"]
[WhiteElo "2394"]
[BlackElo "2232"]

1.e4 c5 2.Nf3 e6 3.d4 cxd4 4.Nxd4 Nf6 5.Nc3 d6 6.g3 Be7 7.Bg2 a6 8.O-O Qc7
9.Be3 O-O 10.a4 Nc6 11.f4 Re8 12.Nb3 Nd7 13.g4 Bf8 14.Rf3 g6 15.Rh3 Bg7 16.a5
b5 17.axb6 Nxb6 18.Qe2 Rb8 19.Rf1 Nb4 20.f5 Nc4 21.Bc1 exf5 22.gxf5 Ne5 23.Bh6
Qc4 24.Qd2 Bh8 25.Nc1 Nec6 26.Nd3 Nxd3 27.cxd3 Qb3 28.Qf4 Ne5 29.Qh4 Rb7
30.Nd5 Qxb2 31.Bc1 {#r} 1-0

[Event "Tournament (qual. European ch)"]
[Site "masterchessopen.com Baku (Azerbaijan)"]
[Round "0"]
[White "Safarli Eltaj (AZE)"]
[Black "Gassanov Assif (AZE)"]
[Result "1-0"]
[WhiteElo "2232"]
[BlackElo "2277"]

1.e4 c5 2.Nf3 e6 3.d4 cxd4 4.Nxd4 Nf6 5.Nc3 d6 6.g3 Be7 7.Bg2 O-O 8.O-O a6
9.b3 Qc7 10.Bb2 Nc6 11.Nce2 Rb8 12.c4 Na7 13.Rc1 b6 14.Nc3 Bb7 15.Qd2 Rbc8
16.Rfd1 Qb8 17.Qe2 Nc6 18.Na4 Ba8 19.h3 Nd7 20.Qe3 Rfd8 21.Nc3 Nde5 22.Nce2 b5
23.f4 Nxd4 24.Qxd4 Bf6 25.fxe5 Bxe5 26.Qd2 Bxb2 27.Qxb2 bxc4 28.Kh2 h5 29.h4
Qb5 {#r} 1-0

[Event "It (w) \"]
[Site "masterchessopen.com Batumi (Georgia)"]
[Round "2"]
[White "Khukhashvili Sopiko (GEO)"]
[Black "Sahakian Nonna (ARM)"]
[Result "1-0"]
[WhiteElo "2319"]
[BlackElo "2115"]

1.e4 c5 2.Nf3 e6 3.d4 cxd4 4.Nxd4 Nf6 5.Nc3 d6 6.g3 Be7 7.Bg2 O-O 8.O-O a6
9.Be3 Qc7 10.a4 Nc6 11.Nb3 Na5 12.Nxa5 Qxa5 13.f4 Rd8 14.Kh1 Bd7 15.g4 Bc6
16.g5 Nd7 17.Qe2 Qb4 18.Bd2 Qd4 19.Rad1 b5 20.f5 Qc4 21.Qf2 exf5 22.exf5 Ne5
23.axb5 axb5 24.Bf4 Rac8 25.f6 Bxg2+ 26.Qxg2 Bf8 27.fxg7 Kxg7 28.Qh3 Ng6
29.Be3 b4 30.Nd5 Qe4+ 31.Kg1 Nh4 32.Bd4+ {#r} 1-0

[Event "Ch Argentina"]
[Site "masterchessopen.com Buenos Aires (Argentina)"]
[Round "6"]
[White "Malbran Guillermo (ARG)"]
[Black "Filgueira Hernan (ARG)"]
[Result "0-1"]
[WhiteElo "2341"]
[BlackElo "2371"]

1.e4 c5 2.Nf3 e6 3.Nc3 d6 4.d4 cxd4 5.Nxd4 Nf6 6.g3 Be7 7.Bg2 a6 8.O-O Qc7
9.Re1 O-O 10.a4 Nc6 11.Nde2 Rb8 12.h3 b5 13.axb5 axb5 14.Be3 b4 15.Nb1 Rd8
16.Nf4 Bb7 17.Nd2 Nd7 18.Nc4 Nce5 19.Nxe5 dxe5 20.Nd3 Nc5 21.Qe2 Ba6 22.Bxc5
Bxd3 23.cxd3 Bxc5 24.Rec1 Qb6 25.Bf1 Bd4 26.Kg2 g6 27.Qd2 b3 28.h4 h5 29.Kg1
Qb4 30.Rd1 Qxd2 31.Rxd2 Rdc8 32.Rb1 Rc2 33.Rdd1 Bxf2+ {#R} 0-1

[Event "Ch Paris (open)"]
[Site "masterchessopen.com Paris (France)"]
[Round "2"]
[White "Nisipeanu Liviu-Dieter (ROM)"]
[Black "Castaignet Laurent (FRA)"]
[Result "1-0"]
[WhiteElo "2592"]
[BlackElo "2213"]

1.e4 c5 2.Nf3 e6 3.Nc3 d6 4.d4 cxd4 5.Nxd4 Nf6 6.g3 Nc6 7.Bg2 Bd7 8.O-O Be7
9.Nb3 a6 10.a4 Qc7 11.a5 Nb4 12.Be3 Bc6 13.Bb6 Qb8 14.Qe2 O-O 15.Rfd1 Re8
16.Rd4 d5 17.Nc5 Nd7 18.Nxd7 Bxd7 19.exd5 exd5 20.Nxd5 Nxd5 21.Bxd5 {#r} 1-0

[Event "Ch Provence"]
[Site "masterchessopen.com Provence (France)"]
[Round "3"]
[White "Ricou Pierre (FRA)"]
[Black "Girard Jean-Pierre (FRA)"]
[Result "1-0"]
[WhiteElo "2239"]
[BlackElo "2018"]

1.e4 c5 2.Nf3 e6 3.d4 cxd4 4.Nxd4 Nf6 5.Nc3 d6 6.g3 Nc6 7.Bg2 Be7 8.Nxc6 bxc6
9.e5 Nd5 10.exd6 Qxd6 11.Ne4 Qb4+ 12.c3 Qb5 13.b3 Qa5 14.Bd2 Qc7 15.Qg4 g6
16.Qe2 f5 17.Ng5 e5 18.O-O O-O 19.c4 Nf6 20.Bc3 e4 21.f3 h6 22.Nh3 Bb7 23.Nf4
Kh7 24.fxe4 Nxe4 25.Bxe4 fxe4 26.Qxe4 Bc5+ 27.Kg2 Rf5 28.Nxg6 {#r} 1-0

[Event "It (d)"]
[Site "masterchessopen.com Serpukhov (Russia)"]
[Round "9"]
[White "Dukhin Jokhan (RUS)"]
[Black "Aslanian Ludmila K (UKR)"]
[Result "1-0"]
[WhiteElo "2135"]
[BlackElo "2131"]

1.e4 c5 2.Nf3 e6 3.d4 cxd4 4.Nxd4 Nf6 5.Nc3 d6 6.g3 Be7 7.Bg2 O-O 8.O-O Nc6
9.Nxc6 bxc6 10.e5 Nd5 11.exd6 Bxd6 12.Ne4 Be7 13.c4 Nb6 14.b3 f5 15.Qxd8 Rxd8
16.Bg5 Bxg5 17.Nxg5 Bd7 18.Rfe1 Re8 19.Rad1 e5 20.c5 Nd5 21.Rxd5 cxd5 22.Bxd5+
Kf8 23.Nxh7+ {#r} 1-0

[Event "Ch Hungary (team) 2001/02 (2 liga)"]
[Site "masterchessopen.com Hungary"]
[Date "2002.04.21"]
[Round "11"]
[White "Ondok Laszlo (HUN)"]
[Black "Kubacsny Laszlo (HUN)"]
[Result "0-1"]
[WhiteElo "2186"]
[BlackElo "2372"]

1.e4 c5 2.Nf3 e6 3.d4 cxd4 4.Nxd4 Nf6 5.Nc3 d6 6.g3 a6 7.Bg2 Qc7 8.O-O Bd7
9.a4 Nc6 10.Nb3 Be7 11.a5 Ne5 12.f4 Nc4 13.e5 dxe5 14.fxe5 Nxe5 15.Bf4 Bc5+
16.Kh1 Bc6 17.Qe2 Bxg2+ 18.Qxg2 Bd6 19.Rae1 O-O 20.Bg5 Ned7 21.Rd1 Rad8 22.Nd2
Be5 23.Nde4 h6 24.Rxd7 Nxd7 25.Bxd8 Rxd8 26.Qf3 f5 27.Nf2 Bxc3 28.bxc3 Ne5
29.Qg2 Rd2 30.Rd1 Rxc2 31.Rb1 Qxc3 {#R} 0-1

[Event "Ch Pan-American Continental"]
[Site "masterchessopen.com Buenos Aires (Argentina)"]
[Round "1"]
[White "Needleman Alejandro (ARG)"]
[Black "Daneri Martin (ARG)"]
[Result "1-0"]
[WhiteElo "2391"]
[BlackElo "2196"]

1.e4 c5 2.Nf3 e6 3.d4 cxd4 4.Nxd4 Nf6 5.Nc3 d6 6.g3 Be7 7.Bg2 O-O 8.O-O Nc6
9.Nb3 a5 10.a4 e5 11.Bg5 Nb4 12.Bxf6 Bxf6 13.Nb5 Be6 14.Nc1 Bc4 15.Re1 Be7
16.Bf1 Bxf1 17.Rxf1 f5 18.Na2 Nc6 19.Nac3 fxe4 20.Nd5 Nd4 21.Nxd4 exd4 22.Qxd4
Bf6 23.Qxe4 Bxb2 24.Rab1 Ba3 25.Rxb7 Bc5 26.Qg4 Rf7 27.Rxf7 Kxf7 28.Re1 Kg8
29.Kg2 Qf8 30.f3 Re8 31.Rxe8 {#r} 1-0